What Countries Were Never Invaded By Britain? - Statistics

General Stats
  • This quiz has been taken 18 times
  • The average score is 9 of 22
Answer Stats
Hint Answer % Correct
Europe Liechtenstein
76%
Europe Andorra
71%
Europe Vatican City
71%
Europe Monaco
65%
South America Bolivia
53%
South America Paraguay
53%
Europe Belarus
47%
Africa Chad
47%
Europe Luxembourg
47%
Africa Mali
47%
Africa Burundi
41%
Africa Central African Republic
41%
Asia Mongolia
35%
Central America Guatemala
29%
Asia Uzbekistan
29%
Africa Ivory Coast
24%
Asia Kyrgyzstan
24%
Africa Sao Tome And Principe
24%
Asia Tajikistan
24%
Europe Sweden
18%
Oceania Marshall Islands
12%
Africa Republic Of Congo
0%
No matching quizzes found
Score Distribution
Percent of People with Each Score
Percentile by Number Answered
Your Score History
You have not taken this quiz